Normal view
MARC view
- الفرق بين الضاد والظاء في كتاب الله عز وجل وفي المشهور من الكلام-اللغة العربية
Entry Topical Term
001 - CONTROL NUMBER
- control field: 39532
003 - CONTROL NUMBER IDENTIFIER
- control field: JO-AjAnu
005 - DATE AND TIME OF LATEST TRANSACTION
- control field: 20230606080556.0
008 - FIXED-LENGTH DATA ELEMENTS
- fixed length control field: 230606|| aca||aabn | a|a d
040 ## - CATALOGING SOURCE
- Original cataloging agency: JO-AjAnu
- Transcribing agency: JO-AjAnu
150 ## - HEADING--TOPICAL TERM
- Topical term or geographic name entry element: الفرق بين الضاد والظاء في كتاب الله عز وجل وفي المشهور من الكلام-اللغة العربية
670 ## - SOURCE DATA FOUND
- Source citation: Work cat.: (JO-AjAnu)20271: والداني، أبي عمر؛تحقيق أحمد كشك, author 39531, الفرق بين الضاد والظاء في كتاب الله عز وجل وفي المشهور في الكلام